00341nam a2200121Ia 4500008004100000020002200041082001500063100003500078245006100113250001600174260002000190300000900210210430s9999 xx 000 0 und d a978-81-265-1894-4 a670 O851 M aPhillip F.Ostwald, Jairo Munoz aManufacturing Processes and Systems /cPhillip F.Ostwald a9th edition aUkbWileyc2008 a782p